IFM Opac

THE EXPORT TRADE (Record no. 12924)

MARC details
000 -LEADER
fixed length control field 00354nam a22001577a 4500
020 ## - INTERNATIONAL STANDARD BOOK NUMBER
International Standard Book Number 420 42740 6
082 ## - DEWEY DECIMAL CLASSIFICATION NUMBER
Classification number 346.07 SCH
100 ## - MAIN ENTRY--PERSONAL NAME
Personal name SCHMITTHOFF CLIVE
245 ## - TITLE STATEMENT
Title THE EXPORT TRADE
250 ## - EDITION STATEMENT
Edition statement 5th
260 ## - PUBLICATION, DISTRIBUTION, ETC.
Place of publication, distribution, etc. LONDON
Name of publisher, distributor, etc. STEVENS AND SONS
300 ## - PHYSICAL DESCRIPTION
Extent xxv,451p,
Other physical details 25CM
500 ## - GENERAL NOTE
General note include, index,
650 ## - SUBJECT ADDED ENTRY--TOPICAL TERM
Topical term or geographic name entry element THE EXPOT TRADE
942 ## - ADDED ENTRY ELEMENTS (KOHA)
Koha item type Books
Holdings
Withdrawn status Lost status Damaged status Not for loan Home library Current library Shelving location Date acquired Total Checkouts Full call number Barcode Date last seen Price effective from Koha item type
        IFM Main Campus Library IFM Main Campus Library Stack Collection 10/23/2015   346.07 SCH 0000006524 10/23/2015 10/23/2015 Books